Questions One Piece (niveau moyen à difficile) - Statistiques

Statistiques générales
  • Ce quiz a été pris 985 fois
  • Le résultat moyen est 6 sur 10
Statistiques - réponses
Questions Réponses % Correct
Qui sauve Luffy de Smoker à Loguetown ? Dragon
98%
Combien existe-t-il de Hito Hito no Mi (fruit de l'humain) différents ? 4
90%
Qui était arrivé en premier sur Sabaody après l'ellipse ? Zoro
88%
Les frères de Sanji sont Ichiji, Niji et ... ? Yonji
70%
Qui détenait la clé de Robin à Enies Lobby ? Kaku
62%
Quel est l'âge de Brook (après ellipse) ? 90
56%
Selon Oda, quelle prime (en millions) aurait eu Ener s'il était pirate ? 500
53%
Qui a mangé le fruit de la couture ? Léo
45%
Qui est la sœur de Sugar ? Monet
36%
Quelle est la prime de Charlotte Smoothie ? 932 000 000
18%
Aucun quiz correspondant
Distribution des résultats
% des personnes avec chaque résultat
Percentile par nombre de réponses
Votre historique - résultats
Vous n’avez pas pris ce quiz